Detalles MARC
| 000 -CABECERA |
| campo de control de longitud fija |
01102cam a2200349 a 4500 |
| 001 - NÚMERO DE CONTROL |
| campo de control |
000961796 |
| 003 - IDENTIFICADOR DEL NÚMERO DE CONTROL |
| campo de control |
AR-BaBN |
| 005 - FECHA Y HORA DE LA ÚLTIMA TRANSACCIÓN |
| campo de control |
20250520105847.0 |
| 007 - CAMPO FIJO DE DESCRIPCIÓN FÍSICA--INFORMACIÓN GENERAL |
| campo de control de longitud fija |
ta |
| 008 - DATOS DE LONGITUD FIJA--INFORMACIÓN GENERAL |
| campo de control de longitud fija |
050901s1964 ag gr 001 0 spa |
| 015 ## - NÚMERO DE BIBLIOGRAFÍA NACIONAL |
| Número de bibliografía nacional |
AR-1964 |
| 040 ## - FUENTE DE LA CATALOGACIÓN |
| Centro catalogador/agencia de origen |
AR-BaBN |
| Lengua de catalogación |
|
| Centro/agencia transcriptor |
|
| Normas de descripción |
|
| 044 ## - CÓDIGO DEL PAÍS DE LA ENTIDAD EDITORA/PRODUCTORA |
| Código MARC del país |
ag |
| Código ISO del país |
ar-c |
| 080 1# - NÚMERO DE LA CLASIFICACIÓN DECIMAL UNIVERSAL |
| Número de la Clasificación Decimal Universal |
159.9.072.2 |
| Identificador de la edición |
2016 |
| 100 1# - ENTRADA PRINCIPAL--NOMBRE DE PERSONA |
| Nombre de persona |
Rorschach, Hermann, |
| Fechas asociadas al nombre |
1884-1922 |
| Término indicativo de función/relación |
autor |
| Código de función/relación |
aut |
| 245 10 - MENCIÓN DE TÍTULO |
| Título |
Psicodiagnóstico / |
| Mención de responsabilidad, etc. |
Hermann Rorschach. |
| 250 ## - MENCIÓN DE EDICIÓN |
| Mención de edición |
4a ed. |
| 260 ## - PUBLICACIÓN, DISTRIBUCIÓN, ETC. (PIE DE IMPRENTA) |
| Lugar de publicación, distribución, etc. |
Buenos Aires : |
| Nombre del editor, distribuidor, etc. |
Paidós, |
| Fecha de publicación, distribución, etc. |
1964. |
| 300 ## - DESCRIPCIÓN FÍSICA |
| Extensión |
263 p. ; |
| Dimensiones |
23 cm. |
| 490 1# - MENCIÓN DE SERIE |
| Mención de serie |
Biblioteca de Psicometría |
| 650 #4 - PUNTO DE ACCESO ADICIONAL DE MATERIA--TÉRMINO DE MATERIA |
| Término de materia o nombre geográfico como elemento inicial |
Test de Rorschach |
| 650 #4 - PUNTO DE ACCESO ADICIONAL DE MATERIA--TÉRMINO DE MATERIA |
| Término de materia o nombre geográfico como elemento inicial |
Pruebas psicológicas |
| Subdivisión de forma |
Estudio de casos |
| 650 #4 - PUNTO DE ACCESO ADICIONAL DE MATERIA--TÉRMINO DE MATERIA |
| Término de materia o nombre geográfico como elemento inicial |
Psicodiagnóstico |
| 830 #0 - PUNTO DE ACCESO ADICIONAL DE SERIE-TÍTULO UNIFORME |
| Título uniforme |
Biblioteca de Psicometría (Paidós) |
| 930 #1 - EQUIVALENCIA O REFERENCIA CRUZADA-ENCABEZAMIENTO DE TÍTULO UNIFORME [LOCAL, CANADÁ] |
| Lenguaje de la obra |
BNA01 |
| Medio de interpretación para música |
LIBRO |
| Enlace |
00269360 |
| Enlace entre campo y número de secuencia |
20110912 |
| Fecha de publicación/de la obra |
11 |
| Número de parte o sección de la obra |
000 |
| Mención de arreglo para música |
000961796 |
| 942 ## - ELEMENTOS DE PUNTO DE ACCESO ADICIONAL (KOHA) |
| Fuente del sistema de clasificación o colocación |
Clasificación Decimal Universal |
| Tipo de ítem Koha |
Libros |
| 956 ## - LOCALIZACIÓN Y ACCESO ELECTRÓNICOS LOCAL (OCLC) |
| Nombre del host |
GSL |
| Número de acceso |
00 |
| Información sobre la compresión |
20110916 |
| Proceso de conexión (Logon) |
BNA01 |
| Procesador de la petición |
0220 |
| 956 ## - LOCALIZACIÓN Y ACCESO ELECTRÓNICOS LOCAL (OCLC) |
| Nombre del host |
GSL |
| Información sobre la compresión |
20130614 |
| Proceso de conexión (Logon) |
BNA01 |
| Procesador de la petición |
2253 |
| 956 ## - LOCALIZACIÓN Y ACCESO ELECTRÓNICOS LOCAL (OCLC) |
| Nombre del host |
AFLORIDIA |
| Número de acceso |
20 |
| Información sobre la compresión |
20180319 |
| Proceso de conexión (Logon) |
BNA01 |
| Procesador de la petición |
1944 |
| 956 ## - LOCALIZACIÓN Y ACCESO ELECTRÓNICOS LOCAL (OCLC) |
| Nombre del host |
KRODRIGUEZ |
| Número de acceso |
20 |
| Información sobre la compresión |
20210715 |
| Proceso de conexión (Logon) |
BNA01 |
| Procesador de la petición |
1820 |
| 956 ## - LOCALIZACIÓN Y ACCESO ELECTRÓNICOS LOCAL (OCLC) |
| Nombre del host |
KRODRIGUEZ |
| Número de acceso |
20 |
| Información sobre la compresión |
20220131 |
| Proceso de conexión (Logon) |
BNA01 |
| Procesador de la petición |
1535 |